The impact of contractor selection method on transaction costs: a review (Record no. 57311)

MARC details
000 -LEADER
fixed length control field 01120cab a2200265 4500
001 - CONTROL NUMBER
control field ABS59850
008 - FIXED-LENGTH DATA ELEMENTS--GENERAL INFORMATION
fixed length control field 090401t1998 xxu||||| |||| 00| 0 eng d
035 ## - SYSTEM CONTROL NUMBER
System control number (Sirsi) u90396
041 ## - LANGUAGE CODE
Language code of text/sound track or separate title eng
100 ## - MAIN ENTRY--PERSONAL NAME
Personal name Lingard, J.
245 #4 - TITLE STATEMENT
Title The impact of contractor selection method on transaction costs: a review
260 ## - PUBLICATION, DISTRIBUTION, ETC.
Date of publication, distribution, etc. 1998
350 ## - PRICE (NR) (BK AM CF MU VM SE) [OBSOLETE]
Price 0
490 ## - SERIES STATEMENT
Series statement Journal of Construction Procurement
Volume/sequential designation 4(2) November 1998, 89-102(14)
520 ## - SUMMARY, ETC.
Summary, etc. Reviews the research evidence which suggests that although competitive tendering typically results in the lowest bidder winning the contract this may not represent the lowest project cost after completion. Research is still needed to investigate the imapct of different methods of contractor selection on the costs of entering into a contract and the decision to outsource (from journal abstract)
650 ## - SUBJECT ADDED ENTRY--TOPICAL TERM
Topical term or geographic name entry element BID EVALUATION
650 ## - SUBJECT ADDED ENTRY--TOPICAL TERM
Topical term or geographic name entry element CONTRACTOR SELECTION
650 ## - SUBJECT ADDED ENTRY--TOPICAL TERM
Topical term or geographic name entry element PRE-QUALIFICATION PROCESS
650 ## - SUBJECT ADDED ENTRY--TOPICAL TERM
Topical term or geographic name entry element TRANSACTION COSTS
690 ## - LOCAL SUBJECT ADDED ENTRY--TOPICAL TERM (OCLC, RLIN)
Topical term or geographic name as entry element Project management
9 (RLIN) 6261
700 ## - ADDED ENTRY--PERSONAL NAME
Personal name Chinyio, E.
700 ## - ADDED ENTRY--PERSONAL NAME
Personal name Hughes, W.
942 ## - ADDED ENTRY ELEMENTS (KOHA)
Suppress in OPAC 0
948 ## - LOCAL PROCESSING INFORMATION (OCLC); SERIES PART DESIGNATOR (RLIN)
c (OCLC) 21/12/1998
Holdings
Withdrawn status Lost status Source of classification or shelving scheme Damaged status Not for loan Home library Current library Shelving location Date acquired Total Checkouts Full call number Barcode Date last seen Copy number Price effective from Koha item type
    Dewey Decimal Classification     London London Journal article 14/09/1999   ABS59850 90396-1001 06/08/2019 1 06/08/2019 Journal article